[Event "Titled Tuesday intern op 22nd Aug Late"]
[Site "Chess.com INT"]
[Date "2023.08.22"]
[Round "4"]
[White "Santos, Marcus Vinicius M"]
[Black "Koziorowicz, Michal"]
[Result "1-0"]
[WhiteElo "2331"]
[BlackElo "2319"]
[PlyCount "105"]
[EventDate "2023.08.22"]
[EventType "swiss (blitz)"]
[EventRounds "11"]
[EventCountry "USA"]
[SourceTitle "EXT 2024"]
[Source "ChessBase"]
[SourceDate "2023.10.10"]
[SourceVersion "1"]
[SourceVersionDate "2023.10.10"]
[SourceQuality "1"]

1. e4 c5 2. Nf3 Nc6 3. Bc4 e6 4. 0-0 a6 5. d4 b5 6. Be2 cxd4 7. Nxd4 Bb7 8. b3 Nf6 9. Nxc6 Bxc6 10. e5 Nd5 11. Bb2 Bc5 12. Nd2 Nf4 13. Bf3 d5 14. exd6 Qxd6 15. Ne4 Bxe4 16. Bxe4 Rd8 17. Qxd6 Bxd6 18. Bxg7 Rg8 19. Bf6 Rc8 20. g3 Bc5 21. Bxh7 Ne2+ 22. Kh1 Kd7 23. Bxg8 Rxg8 24. Rad1+ Kc6 25. Rfe1 Nxg3+ 26. fxg3 Rg6 27. Bd4 Bd6 28. Kg2 Rh6 29. Be5 Bc5 30. Bf4 Rg6 31. h4 Rg4 32. Kf3 Rg6 33. h5 Rg8 34. h6 f6 35. h7 Rh8 36. Rh1 e5 37. Be3 Bd6 38. c4 f5 39. Bg5 e4+ 40. Kg2 Be5 41. Rd5 Bg7 42. Rxf5 Re8 43. Bf6 Bh8 44. Bxh8 Rxh8 45. Rg5 bxc4 46. bxc4 Kb6 47. Rg8 Rxh7 48. Rxh7 Kc5 49. Rc8+ Kd4 50. c5 e3 51. c6 Kc3 52. Re7 e2 53. Rxe2 1-0

[Event "Olomouc IM-B 24th"]
[Site "Olomouc"]
[Date "2023.08.18"]
[Round "8"]
[White "Levitan, Ronit"]
[Black "Koziorowicz, Michal"]
[Result "0-1"]
[WhiteElo "2131"]
[BlackElo "2319"]
[PlyCount "74"]
[EventDate "2023.08.12"]
[EventType "tourn"]
[EventRounds "9"]
[EventCountry "CZE"]
[SourceTitle "CBM 215 Extra"]
[Source "ChessBase"]
[SourceDate "2023.09.30"]
[SourceVersion "1"]
[SourceVersionDate "2023.09.30"]
[SourceQuality "1"]

1. e4 d6 2. d4 Nf6 3. Nc3 Nbd7 4. Nf3 e5 5. Bc4 Be7 6. 0-0 c6 7. a4 Qc7 8. Bb3 h6 9. Be3 Nf8 10. a5 g5 11. Qd3 Ng6 12. Qc4 0-0 13. h3 Kh7 14. Qd3 Nh5 15. Ne2 f5 16. dxe5 dxe5 17. exf5 Bxf5 18. Qc4 Ng7 19. Ng3 Bxh3 20. Nxg5+ Bxg5 21. Bxg5 Be6 22. Qe2 hxg5 23. Bxe6 Nxe6 24. Qg4 Qe7 25. Rfd1 Rf4 26. Qh3+ Rh4 27. Qf5 Rf8 28. Qd3 Rd4 29. Qe2 Nef4 30. Qg4 Nh4 31. Ne4 Rxe4 32. Rd7 Ne2+ 33. Kf1 Rxg4 34. Rxe7+ Kg6 35. Kxe2 Rxg2 36. Rxb7 Rgxf2+ 37. Kd3 R8f3+ 0-1

[Event "Pardubice Czech op-A 34th"]
[Site "Pardubice"]
[Date "2023.07.27"]
[Round "7"]
[White "Fromm, Marius"]
[Black "Koziorowicz, Michal"]
[Result "1-0"]
[WhiteElo "2457"]
[BlackElo "2307"]
[PlyCount "59"]
[EventDate "2023.07.21"]
[EventType "swiss"]
[EventRounds "9"]
[EventCountry "CZE"]
[SourceTitle "CBM 215 Extra"]
[Source "ChessBase"]
[SourceDate "2023.09.30"]
[SourceVersion "1"]
[SourceVersionDate "2023.09.30"]
[SourceQuality "1"]

1. e4 c5 2. Nf3 d6 3. Bc4 Nc6 4. 0-0 Nf6 5. d3 g6 6. c3 Bg7 7. Re1 0-0 8. a4 Bg4 9. Nbd2 Ne5 10. h3 Nxc4 11. hxg4 Nxd2 12. Nxd2 e6 13. Qf3 d5 14. g5 dxe4 15. dxe4 Nd7 16. Nc4 Ne5 17. Nxe5 Bxe5 18. Be3 Qc7 19. g3 Rfd8 20. Kg2 Rd3 21. Rh1 Rad8 22. Rh4 R8d7 23. Rah1 Qc6 24. Rxh7 Qxa4 25. Qf4 f5 26. Qxe5 Rxh7 27. Qxe6+ Kh8 28. Qf6+ Kg8 29. Qxg6+ Rg7 30. Qe6+ 1-0

[Event "Warsaw Maciei Memorial"]
[Site "Warsaw"]
[Date "2023.07.10"]
[Round "2"]
[White "Celinski, Kamil"]
[Black "Koziorowicz, Michal"]
[Result "0-1"]
[WhiteElo "1820"]
[BlackElo "2307"]
[PlyCount "100"]
[EventDate "2023.07.10"]
[EventType "swiss (blitz)"]
[EventRounds "11"]
[EventCountry "POL"]
[SourceTitle "CBM 215 Extra"]
[Source "ChessBase"]
[SourceDate "2023.09.30"]
[SourceVersion "1"]
[SourceVersionDate "2023.09.30"]
[SourceQuality "1"]

1. c4 f5 2. g3 Nf6 3. Bg2 e5 4. Nc3 d6 5. d3 g6 6. b4 a5 7. b5 Bg7 8. Bb2 0-0 9. Nf3 Nbd7 10. 0-0 Nc5 11. Nd2 a4 12. Rb1 Be6 13. Ba3 Nfd7 14. Qc2 Ra5 15. Nd5 c6 16. Nc3 Qc7 17. Bb4 Raa8 18. Ba3 h5 19. Rb4 Qa5 20. Rfb1 Rfc8 21. bxc6 bxc6 22. R4b2 Kh7 23. Bb4 Qa7 24. a3 Qc7 25. Re1 Qd8 26. e3 Qg8 27. d4 exd4 28. exd4 Bxd4 29. Rbb1 Qg7 30. Ne2 Bf6 31. Nf4 Bf7 32. Bxc5 Nxc5 33. Qd1 Be5 34. Nf3 Ne4 35. Nxe5 dxe5 36. Bxe4 exf4 37. Bg2 fxg3 38. hxg3 Bxc4 39. Qd6 Ra7 40. Bxc6 Bb3 41. Rbc1 Rcc7 42. Bg2 Rxc1 43. Rxc1 Qe7 44. Qd4 Rd7 45. Qf4 Qxa3 46. Bc6 Re7 47. Kh2 Qb2 48. Rc5 a3 49. Qg5 Qxf2+ 50. Kh3 Qxc5 0-1

[Event "Warsaw Maciei Memorial"]
[Site "Warsaw"]
[Date "2023.07.10"]
[Round "9"]
[White "Koziorowicz, Michal"]
[Black "Golecki, Jan"]
[Result "1-0"]
[WhiteElo "2307"]
[BlackElo "2162"]
[PlyCount "99"]
[EventDate "2023.07.10"]
[EventType "swiss (blitz)"]
[EventRounds "11"]
[EventCountry "POL"]
[SourceTitle "CBM 215 Extra"]
[Source "ChessBase"]
[SourceDate "2023.09.30"]
[SourceVersion "1"]
[SourceVersionDate "2023.09.30"]
[SourceQuality "1"]

1. e4 d6 2. d4 Nf6 3. Nc3 Nbd7 4. Nf3 e5 5. Bc4 Be7 6. 0-0 c6 7. a4 a5 8. h3 Qc7 9. Be3 h6 10. Qb1 g5 11. Qa2 Rh7 12. Rad1 Nb6 13. Bb3 g4 14. dxe5 gxf3 15. exf6 Bxf6 16. Bxb6 Qxb6 17. Rxd6 Be5 18. Rd3 fxg2 19. Rfd1 Rg7 20. Ne2 Qc7 21. Ng3 Bxh3 22. Kh2 Bg4 23. Rg1 h5 24. Kxg2 h4 25. Rh1 Rg8 26. Rxh4 Be2 27. Rh7 Bxd3 28. Bxf7+ Kf8 29. Bxg8 Bxe4+ 30. Nxe4 Bg7 31. Ng5 Re8 32. Ne6+ Rxe6 33. Qxe6 Qf4 34. Qf7+ Qxf7 35. Bxf7 Kxf7 36. Kf3 Kg6 37. Rxg7+ Kxg7 38. Ke4 Kf6 39. f4 Ke6 40. f5+ Kf6 41. Kf4 b5 42. b3 bxa4 43. bxa4 c5 44. c4 Kf7 45. Ke5 Ke7 46. Kd5 Kf6 47. Kxc5 Kxf5 48. Kb6 Ke6 49. c5 Kd7 50. Kb7 1-0

[Event "Warsaw Maciei Memorial"]
[Site "Warsaw"]
[Date "2023.07.10"]
[Round "10"]
[White "Pacan Milej, Kosma"]
[Black "Koziorowicz, Michal"]
[Result "0-1"]
[WhiteElo "2402"]
[BlackElo "2307"]
[PlyCount "57"]
[EventDate "2023.07.10"]
[EventType "swiss (blitz)"]
[EventRounds "11"]
[EventCountry "POL"]
[SourceTitle "CBM 215 Extra"]
[Source "ChessBase"]
[SourceDate "2023.09.30"]
[SourceVersion "1"]
[SourceVersionDate "2023.09.30"]
[SourceQuality "1"]

1. d4 e6 2. c4 f5 3. Nf3 Nf6 4. g3 Be7 5. Bg2 d6 6. 0-0 0-0 7. b4 Ne4 8. Qb3 Bf6 9. Bb2 Kh8 10. c5 d5 11. Nc3 Bd7 12. a4 Be8 13. b5 Bh5 14. Ba3 Bxf3 15. Bxf3 Nd2 16. Qb4 a5 17. bxa6 Nxa6 18. Qxb7 Nxf1 19. Rxf1 Bxd4 20. Nb5 Bxc5 21. Bb2 Bb6 22. Rc1 Nc5 23. Qc6 Nxa4 24. Be5 Qe8 25. Nxc7 Qxc6 26. Rxc6 Rfc8 27. Bh5 Bxc7 28. Bxc7 Ra7 29. Bb6 0-1